00402nam a22001457a 4500003000400000008004100004082001900045100001800064245008300082260003800165300000900203502001500212650002000227650000900247OSt260417b |||||||| |||| 00| 0 eng d a581.2326bN37S aKumar, Neeraj aStudies on Top Rot Disease of Sugarcane Caused by Fusarium Moniliforme Sheldon aPusa, SamastipurbRAU, Pusac2002 a42P. bMsc.d2002 aPlant Pathology aMsc.